LEADER 01231nam a2200277 u 4500 001 000000027141 003 CaOOAMICUS 005 20070226111645.0 008 960111s1980 it af u000 u ita u 035 $a10703949 040 $aMSA$bita$dNIR 100 1 $aOursel, Raymond.$0(OLS)http://pul/name/12513 240 10$aRevelation de la peinture romane.$lItalian.$0(OLS)http://pul/title/37198 245 13$aLa pittura romanica. 260 $a[Milano :$bJaca Book,$c1980] 300 $a482 p. :$bill., tav. (p.te color.) 490 1 $aGią e non ancora.$aArte ;$v9 650 4$aPittura romanica.$0(OLS)http://pul/subject/15766 650 0$aMural painting and decoration, Romanesque.$2//eng$0(OLS)http://pul/subject/15767 650 0$aChristian art and symbolism$yMedieval, 500-1500.$2//eng$0(OLS)http://pul/subject/4223 830 0$aGią e non ancora.$pArte ;$v9.$0(OLS)http://pul/title/21004 850 $aPUL 852 $aPUL$W1$xDP1 Cons. Gen., Altre Classi 1$y22$m143(1) B 5$j37818$nBK-PRI$b $qStampati$B37818$CPULBib$Z2$F37818 $HPUL48842 $81 941 1 $a8 996 $6245$aLa pittura romanica$9(OLS)http://pul/title/37199 996 $6260$a[Milano :$bJaca Book$9(OLS)http://pul/publisher/59613 LEADER 01129nam a2200301 a 4500 001 000000172916 003 CaOOAMICUS 005 20191213124535.0 008 191213s2001 xxu 000 u eng r 020 $a978-0-19-924379-2* 032 $aLibriCat 040 $aPUL$bita 082 14$a121 100 1 $aSwinburne, Richard.$0(OLS)http://pul/name/39530 245 10$aEpistemic justification / $cRichard Swinburne. 250 $aReprinted 2012. 260 $aOxford :$bClarendon Press,$c©2001. 300 $aVI, 262 p. ; $c24 cm 504 $aInclude riferimenti bibliografici e indice. 650 4$aGnoseologia.$0(OLS)http://pul/subject/1860 850 $aPUL 852 $aPUL$W1$xSL Filosofia 3$y81$m121 SWIRI 1$j196898$qDDC 21$B201658$CPULBib$Z2$F201658 $H133756 $82 941 1 $a9 996 $6020$a978-0-19-924379-2*$9(OLS)http://pul/number/166929 996 $6082$a121$9(OLS)http://pul/classification/133 996 $6245$aEpistemic justification / $9(OLS)http://pul/title/213953 996 $6260$aOxford :$bClarendon Press$9(OLS)http://pul/publisher/48412